Voľby 1920, sčítanie obyvateľstva 1921 a krajinská hranica

Bibliographic Details
Format: Article
Language:Slovak
PhysicalDescription:Tab.
ISBN:808904624
Subjects:

MARC

LEADER 00000naa a2200000 ar4500
001 vtls008947506
003 SK-MaSNL
005 20260302100501.0
008 070220e2005 xo | |ab |||| ||slo
015 |a SNBRA2007/02  |2 snkbucl 
038 |a SNKBUCL 
040 |a SNKBUCL  |b slo  |c SNKBUCL  |e AACR2 
041 0 |a slo  |b ger 
044 |a xo  |c SK 
080 |a 94(437)  |x "1920/1921"  |2 1997 
080 |a 94(437.6)  |x "1920/1921"  |2 1997 
080 |a 324  |x (437)  |x "1920/1921"  |2 1997 
080 |a 314.8  |x (437)  |x "1920/1921"  |2 1997 
080 |a 94(437.7)  |x "1920/1921"  |2 1997 
245 0 0 |a Voľby 1920, sčítanie obyvateľstva 1921 a krajinská hranica  |c Peter Švorc 
300 |b Tab. 
504 |a Literatúra a poznámky pod čiarou 
546 |a Res. nem. 
610 2 7 |a Liga Rusínov (Česko-Slovensko)  |y 1920-1921  |2 snkbucl  |9 771251 
648 7 |a 1920  |2 snkbucl  |9 288264 
648 7 |a 1921  |2 snkbucl  |9 298079 
648 7 |a 1920-1921  |2 snkbucl  |9 434775 
650 0 7 |a krajinské hranice  |z Slovensko  |y 1920-1921  |2 snkbucl  |9 771252 
650 0 7 |a voľby  |2 snkbucl  |9 1580 
650 0 7 |a sčítanie obyvateľstva  |z Slovensko  |y 1921  |2 snkbucl  |9 771253 
650 0 7 |a parlamentné voľby  |z Česko-Slovensko  |y 1920  |2 snkbucl  |9 771254 
650 0 7 |a Rusíni  |z Slovensko  |y 1920-1921  |2 snkbucl  |9 771255 
651 7 |a Československo  |x dejiny  |y 1920  |2 snkbucl  |9 15919 
655 7 |a referáty  |2 snkbucl  |9 70611 
773 0 |t Národnostná otázka v strednej Európe v rokoch 1848-1938  |d Prešov : Universum, 2005  |g S. 185-197  |z 808904624 
852 |a SNK  |b KIS3GCP 
958 |a NB 
958 |a RN 
958 |a SK 
999 |c 1220213  |d 1222143